Detalles MARC
| 000 -CABECERA |
| campo de control de longitud fija |
01351cam a2200277 a 4500 |
| 001 - NÚMERO DE CONTROL |
| campo de control |
000018287 |
| 005 - FECHA Y HORA DE LA ÚLTIMA TRANSACCIÓN |
| campo de control |
20200929165434.0 |
| 008 - DATOS DE LONGITUD FIJA--INFORMACIÓN GENERAL |
| campo de control de longitud fija |
890907s1987 ck a b 001 0 spa |
| 010 ## - NÚMERO DE CONTROL DE LA BIBLIOTECA DEL CONGRESO |
| Número de control de LC |
89183496 |
| 040 ## - FUENTE DE LA CATALOGACIÓN |
| Centro catalogador/agencia de origen |
DO-SdBNP |
| Centro/agencia transcriptor |
DLC |
| Centro/agencia modificador |
DLC |
| 043 ## - CÓDIGO DE ÁREA GEOGRÁFICA |
| Código de área geográfica |
e-sp--- |
| 050 00 - SIGNATURA TOPOGRÁFICA DE LA BIBLIOTECA DEL CONGRESO |
| Número de clasificación |
PC4027 |
| Número de documento/Ítem |
.C85 1987 |
| 082 00 - NÚMERO DE LA CLASIFICACIÓN DECIMAL DEWEY |
| Número de clasificación |
868 |
| Número de edición |
20 |
| 100 1# - ENTRADA PRINCIPAL--NOMBRE DE PERSONA |
| Nombre de persona |
Cuervo, Rufino Jose, |
| Fechas asociadas al nombre |
1844-1911. |
| 9 (RLIN) |
39598 |
| 240 10 - TÍTULO UNIFORME |
| Título uniforme |
Works. |
| Fecha de publicación/de la obra |
1987 |
| 245 10 - MENCIÓN DE TÍTULO |
| Título |
Obras / |
| Mención de responsabilidad, etc. |
Rufino Jose Cuervo ; presentacion por Felix Restrepo ; estudio preliminar por Fernando Antonio Martinez. |
| 250 ## - MENCIÓN DE EDICIÓN |
| Mención de edición |
2a ed. |
| 260 ## - PUBLICACIÓN, DISTRIBUCIÓN, ETC. |
| Lugar de publicación, distribución, etc. |
Bogota : |
| Nombre del editor, distribuidor, etc. |
Instituto Caro y Cuervo, |
| Fecha de publicación, distribución, etc. |
1987. |
| 300 ## - DESCRIPCIÓN FÍSICA |
| Extensión |
4 v. : |
| Otras características físicas |
ill. ; |
| Dimensiones |
21 cm. |
| 440 #0 - MENCIÓN DE SERIE/PUNTO DE ACCESO ADICIONAL--TÍTULO |
| Título |
Biblioteca colombiana ; |
| Designación de volumen o secuencia |
28-31 |
| 9 (RLIN) |
6260 |
| 504 ## - NOTA DE BIBLIOGRAFÍA, ETC. |
| Nota de bibliografía, etc. |
Includes bibliographical references. |
| 505 0# - NOTA DE CONTENIDO CON FORMATO |
| Nota de contenido con formato |
t. 1. Notas a la "gramatica" de Bello ; Muestra de un diccionario ; Diccionario de construccion y regimen de la lengua castellana ; Castellano popular y castellano literario -- t. 2. Apuntaciones criticas sobre el lenguaje bogotano -- t. 3. Disquisiciones sobre filologia castellana ; Filologia clasica y critica literaria -- t. 4. Vida de Rufino Cuervo y noticias de su epoca ; Noticia biografica de D. Angel Cuervo ; Rectificaciones historicas ; Varia. |
| 650 #0 - PUNTO DE ACCESO ADICIONAL DE MATERIA--TÉRMINO DE MATERIA |
| Término de materia o nombre geográfico como elemento de entrada |
Spanish philology. |
| 9 (RLIN) |
39599 |
| 700 1# - PUNTO DE ACCESO ADICIONAL--NOMBRE DE PERSONA |
| Nombre de persona |
Martinez, Fernando Antonio. |
| 9 (RLIN) |
39600 |
| 910 ## - DATOS DE OPCIÓN DEL USUARIO (OCLC) |
| Datos de opción del usuario |
Catalogación por copia / LC |